| 000 | 00398nam a2200157Ia 4500 | ||
|---|---|---|---|
| 008 | 230312s9999||||xx |||||||||||||| ||und|| | ||
| 020 | _a9788131724262 | ||
| 082 |
_a621.382 _bSCH-M |
||
| 100 | _aSchiller,Jochen.H | ||
| 245 | 0 | _aMobile Communications | |
| 260 |
_bPearsons Education _aIndia _c2009 |
||
| 300 | _a492 | ||
| 546 | _aEng. | ||
| 650 |
_aEngineering _vWireless Transmission |
||
| 942 | _cBK | ||
| 999 |
_c6195 _d6195 |
||